Методы нейтронно-физического моделирования процессов в активной зоне ядерного реактора; Физико-технические проблемы в науке, промышленности и медицине

Detaylı Bibliyografya
Parent link:Физико-технические проблемы в науке, промышленности и медицине.— 2016.— [С. 49]
Yazar: Овсенёв А. Е. Александр Евгеньевич
Müşterek Yazar: Национальный исследовательский Томский политехнический университет (ТПУ)
Diğer Yazarlar: Пермикин А. А. Антон Андреевич
Özet:Заглавие с экрана
Dil:Rusça
Baskı/Yayın Bilgisi: 2016
Seri Bilgileri:Физико-энергетические и электрофизические установки
Konular:
Online Erişim:http://earchive.tpu.ru/handle/11683/31181
Materyal Türü: MixedMaterials Elektronik Kitap Bölümü
KOHA link:https://koha.lib.tpu.ru/cgi-bin/koha/opac-detail.pl?biblionumber=619145

MARC

LEADER 00000naa2a2200000 4500
001 619145
005 20250514134112.0
035 |a (RuTPU)RU\TPU\conf\17549 
035 |a RU\TPU\conf\17547 
090 |a 619145 
100 |a 20160810d2016 k y0rusy50 ca 
101 0 |a rus 
102 |a RU 
105 |a y z 101zy 
135 |a drgn ---uucaa 
181 0 |a i  
182 0 |a b 
200 1 |a Методы нейтронно-физического моделирования процессов в активной зоне ядерного реактора  |f А. Е. Овсенёв, А. А. Пермикин 
203 |a Текст  |c электронный 
225 1 |a Физико-энергетические и электрофизические установки 
300 |a Заглавие с экрана 
320 |a [Библиогр.: с. 49 (3 назв.)] 
463 0 |0 (RuTPU)RU\TPU\conf\17455  |t Физико-технические проблемы в науке, промышленности и медицине  |o сборник тезисов докладов VIII Международной научно-практической конференции, г. Томск, 1-3 июня 2016 г.  |f Национальный исследовательский Томский политехнический университет (ТПУ) ; под ред. О. Ю. Долматова [и др.]  |v [С. 49]  |d 2016 
610 1 |a труды учёных ТПУ 
610 1 |a электронный ресурс 
610 1 |a нейтронно-физическое моделирование 
610 1 |a активные зоны 
610 1 |a ядерные реакторы 
610 1 |a ядерная энергетика 
610 1 |a нейтронно-физические расчеты 
610 1 |a ячейки 
700 1 |a Овсенёв  |b А. Е.  |c специалист в области ядерных технологий  |c инженер Томского политехнического университета  |f 1993-  |g Александр Евгеньевич  |3 (RuTPU)RU\TPU\pers\44958  |9 21867 
701 1 |a Пермикин  |b А. А.  |c специалист в области ядерных технологий  |c инженер Томского политехнического университета  |f 1995-  |g Антон Андреевич  |3 (RuTPU)RU\TPU\pers\43579  |9 21687 
712 0 2 |a Национальный исследовательский Томский политехнический университет (ТПУ)  |c (2009- )  |3 (RuTPU)RU\TPU\col\15902 
801 2 |a RU  |b 63413507  |c 20191118  |g RCR 
850 |a 63413507 
856 4 |u http://earchive.tpu.ru/handle/11683/31181 
942 |c BK